[Event "GER-ch (Women) op"]
[Site "Augsburg"]
[Date "2024.03.08"]
[Round "5"]
[White "Moncayo Romero, Evelyn"]
[Black "Buchholz, Maja Patricia"]
[Result "0-1"]
[WhiteElo "2095"]
[BlackElo "1948"]
[PlyCount "130"]
[EventDate "2024.03.06"]
[EventType "swiss"]
[EventRounds "9"]
[EventCountry "GER"]
[SourceTitle "CB12_2024"]
[SourceDate "2023.10.01"]
[SourceVersion "1"]
[SourceVersionDate "2023.10.01"]
[SourceQuality "1"]

1. e4 e6 2. d4 d5 3. e5 c5 4. c3 Nc6 5. Nf3 Qb6 6. a3 c4 7. Be2 Na5 8. Nbd2 Bd7 9. Rb1 Ne7 10. 0-0 Qc7 11. Re1 h6 12. Bf1 Nc8 13. h4 Nb6 14. Re3 Ba4 15. Qe1 Bc2 16. Ra1 Bf5 17. Nh2 h5 18. Be2 0-0-0 19. Qd1 Be7 20. g3 g5 21. hxg5 Bxg5 22. f4 Bh6 23. Bxh5 Rdg8 24. Kf2 Qe7 25. Qf3 Bxf4 26. Qxf4 Rxh5 27. Nhf1 Bd3 28. Rf3 Rh7 29. b4 Nc6 30. a4 Nd7 31. b5 Nd8 32. Ba3 Qe8 33. a5 b6 34. axb6 Nxb6 35. Bc5 Kb8 36. Bd6+ Ka8 37. Rxd3 cxd3 38. c4 Rh5 39. g4 Rh4 40. Ne3 Rgh8 41. c5 Nc8 42. c6 Rh2+ 43. Ng2 Rh1 44. Ra6 Rc1 45. Bc5 Rhh1 46. Qe3 Qg8 47. b6 Nxc6 48. Qxd3 Rxc5 49. dxc5 Qxg4 50. b7+ Kxb7 51. Qb5+ Nb6 52. Rxb6+ axb6 53. Qxb6+ Kc8 54. Qxc6+ Kd8 55. Qb6+ Ke8 56. Qb5+ Kf8 57. Nf3 Rh3 58. Qe2 Qg3+ 59. Ke3 Rh2 60. c6 Rxg2 61. Qb5 d4+ 62. Kxd4 Qxf3 63. c7 Rd2+ 64. Kc4 Qd3+ 65. Kc5 Rc2+ 0-1

[Event "GER-chT U20 Girls"]
[Site "Magdeburg"]
[Date "2023.12.30"]
[Round "7.4"]
[White "Buchholz, Maja Patricia"]
[Black "Klahold, Rona"]
[Result "1-0"]
[WhiteElo "1945"]
[BlackElo "1603"]
[PlyCount "107"]
[EventDate "2023.12.26"]
[EventType "team-swiss"]
[EventRounds "7"]
[EventCountry "GER"]
[SourceTitle "CB03_2024"]
[SourceDate "2024.01.17"]
[SourceVersion "1"]
[SourceVersionDate "2024.01.17"]
[SourceQuality "1"]
[WhiteTeam "Offenbach"]
[BlackTeam "Porta Westfalica"]
[WhiteTeamCountry "GER"]
[BlackTeamCountry "GER"]

1. c4 e5 2. g3 c6 3. Nf3 e4 4. Nd4 d5 5. cxd5 Qxd5 6. Nc2 Na6 7. Nc3 Qe5 8. Bg2 f5 9. 0-0 Nf6 10. d3 Nd5 11. dxe4 Nxc3 12. bxc3 Qxc3 13. Bg5 Be7 14. Bxe7 Kxe7 15. Ne3 fxe4 16. Bxe4 Bh3 17. Nf5+ Bxf5 18. Bxf5 Rad8 19. Qb1 Nc5 20. Bxh7 Rd6 21. h4 Qd4 22. e3 Qg4 23. Qf5 Qxf5 24. Bxf5 Rhd8 25. Rfc1 b6 26. Rc2 Na6 27. a3 b5 28. Rb1 Rb8 29. h5 c5 30. g4 b4 31. axb4 cxb4 32. Rc8 Rdb6 33. Rc4 Rb5 34. Re4+ Kf8 35. Rf4 Ke7 36. Bd3 b3 37. Bxb5 Rxb5 38. Ra4 Rb6 39. Rxb3 Rxb3 40. Rxa6 Rb7 41. Kg2 Kf7 42. Kg3 Kg8 43. e4 Rb4 44. Kf4 Rb2 45. f3 Rb7 46. e5 Kf7 47. Kf5 Rc7 48. f4 Rb7 49. g5 Ke7 50. Kg6 Kf8 51. e6 Kg8 52. f5 Kh8 53. Rd6 Rb8 54. e7 1-0

[Event "GER-chT U20 Girls"]
[Site "Magdeburg"]
[Date "2023.12.27"]
[Round "1.5"]
[White "Kanno, Clara Yumi"]
[Black "Buchholz, Maja Patricia"]
[Result "1-0"]
[WhiteElo "1440"]
[BlackElo "1945"]
[PlyCount "83"]
[EventDate "2023.12.26"]
[EventType "team-swiss"]
[EventRounds "7"]
[EventCountry "GER"]
[SourceTitle "CB03_2024"]
[SourceDate "2024.01.17"]
[SourceVersion "1"]
[SourceVersionDate "2024.01.17"]
[SourceQuality "1"]
[WhiteTeam "Essen Werden"]
[BlackTeam "Offenbach"]
[WhiteTeamCountry "GER"]
[BlackTeamCountry "GER"]

1. d4 d5 2. Bf4 Nf6 3. e3 c5 4. c3 e6 5. Nd2 Bd6 6. Bd3 0-0 7. Ngf3 Bxf4 8. exf4 Qc7 9. g3 cxd4 10. Nxd4 e5 11. fxe5 Qxe5+ 12. Qe2 Qc7 13. 0-0 Re8 14. Qd1 Nc6 15. N2b3 a6 16. Qc2 Bg4 17. Nxc6 bxc6 18. Rfe1 c5 19. Rxe8+ Rxe8 20. Bxa6 c4 21. Nd4 Bh3 22. a4 Qe5 23. Qd2 Qe4 24. f3 Qg6 25. Bb5 Rb8 26. Qf4 Rf8 27. a5 Nh5 28. Qh4 Bc8 29. a6 Qh6 30. g4 Qe3+ 31. Qf2 Qg5 32. Kh1 Nf4 33. Bc6 Nd3 34. Qg2 Qe3 35. h3 Ne5 36. a7 Nxc6 37. a8Q Bxg4 38. Qxf8+ Kxf8 39. Ra8+ Ke7 40. Nxc6+ Kf6 41. hxg4 Qe1+ 42. Qg1 1-0

[Event "Heusenstamm Schloss op"]
[Site "Heusenstamm"]
[Date "2023.11.25"]
[Round "4"]
[White "Buchholz, Maja Patricia"]
[Black "Alt, Johannes1"]
[Result "1-0"]
[WhiteElo "1923"]
[BlackElo "1557"]
[PlyCount "105"]
[EventDate "2023.11.23"]
[EventType "swiss"]
[EventRounds "7"]
[EventCountry "GER"]
[SourceTitle "CB50_2023"]
[SourceDate "2023.12.13"]
[SourceVersion "1"]
[SourceVersionDate "2023.12.13"]
[SourceQuality "1"]

1. c4 Nf6 2. g3 g6 3. Bg2 Bg7 4. Nc3 0-0 5. d4 d6 6. Nf3 Nbd7 7. 0-0 e5 8. e4 exd4 9. Nxd4 Re8 10. h3 Nc5 11. Re1 a5 12. Qc2 h5 13. Bg5 Be6 14. Nxe6 Rxe6 15. Rad1 Qc8 16. Kh2 Re8 17. b3 Rb8 18. f3 Ne6 19. Be3 Nd7 20. Nb5 b6 21. Bf2 Qd8 22. Qd2 Qf6 23. f4 Ndc5 24. Re3 h4 25. Rf1 Bh6 26. Re2 hxg3+ 27. Bxg3 Qg7 28. Ref2 Rbd8 29. Qe2 Nd4 30. Nxd4 Qxd4 31. e5 dxe5 32. fxe5 Re7 33. Bd5 Ne6 34. Rd1 Qc5 35. Qg4 Rf8 36. Rdf1 c6 37. Bxe6 Rxe6 38. Rxf7 Rxf7 39. Qxe6 Qf8 40. Qxg6+ Bg7 41. Qxf7+ Qxf7 42. Rxf7 Kxf7 43. Kg2 Ke6 44. Kf3 b5 45. cxb5 cxb5 46. Ke4 a4 47. Kd4 axb3 48. axb3 Bf8 49. Bh4 Ba3 50. Bf6 Bf8 51. Bd8 Bb4 52. Bc7 Bf8 53. Bd6 1-0

[Event "GER-chT Lands U20"]
[Site "Hannover"]
[Date "2023.10.03"]
[Round "4"]
[White "Buchholz, Maja Patricia"]
[Black "Sereda, Yaroslava"]
[Result "0-1"]
[WhiteElo "1858"]
[BlackElo "1922"]
[PlyCount "68"]
[EventDate "2023.10.01"]
[EventType "team-swiss"]
[EventRounds "7"]
[EventCountry "GER"]
[SourceTitle "EXT 2024"]
[Source "ChessBase"]
[SourceDate "2023.10.10"]
[SourceVersion "1"]
[SourceVersionDate "2023.10.10"]
[SourceQuality "1"]

1. c4 e5 2. g3 c6 3. Nf3 e4 4. Nd4 Nf6 5. Nc3 d5 6. cxd5 cxd5 7. d3 Bc5 8. Nb3 Bb4 9. a3 Bxc3+ 10. bxc3 0-0 11. d4 Nc6 12. Bg2 b6 13. 0-0 Ba6 14. Bg5 Qd6 15. f3 exf3 16. Rxf3 Ne4 17. Bf4 Qg6 18. Nd2 Nxd2 19. Bxd2 Bc4 20. Rf4 Rfe8 21. e4 dxe4 22. Rg4 Qf5 23. Bh6 g6 24. Rg5 Qf6 25. Qg4 Nxd4 26. Bxe4 Rad8 27. Kg2 Nc2 28. Rf5 Qxc3 29. Rc1 Ne1+ 30. Kh3 Qd4 31. Rxe1 Be6 32. Ref1 Bc8 33. R1f4 Rxe4 34. Rxe4 Bxf5 0-1

[Event "GER-chT Lands U20"]
[Site "Hannover"]
[Date "2023.10.02"]
[Round "3"]
[White "Mueller, Riyanna"]
[Black "Buchholz, Maja Patricia"]
[Result "0-1"]
[WhiteElo "1760"]
[BlackElo "1858"]
[PlyCount "100"]
[EventDate "2023.10.01"]
[EventType "team-swiss"]
[EventRounds "7"]
[EventCountry "GER"]
[SourceTitle "EXT 2024"]
[Source "ChessBase"]
[SourceDate "2023.10.10"]
[SourceVersion "1"]
[SourceVersionDate "2023.10.10"]
[SourceQuality "1"]

1. e4 e6 2. d4 d5 3. e5 c5 4. c3 Nc6 5. Nf3 Qb6 6. a3 c4 7. Be2 Na5 8. Nbd2 Bd7 9. 0-0 Ne7 10. Ne1 0-0-0 11. g3 Kb8 12. Ng2 f6 13. f4 Be8 14. exf6 gxf6 15. Kh1 Ka8 16. Bh5 Bg6 17. Nh4 Nf5 18. Nxf5 Bxf5 19. Bg4 Bd3 20. Be2 Bg6 21. Bh5 Bd6 22. Re1 Rde8 23. Bxg6 hxg6 24. Qg4 Qc7 25. Rxe6 Qd7 26. Rxe8+ Qxe8 27. Kg2 Qe1 28. Qf3 a6 29. Qf1 Qe6 30. Nf3 Nb3 31. Rb1 Qe4 32. Be3 Qxe3 33. Re1 Qd3 34. Qf2 Qf5 35. Nh4 Qg4 36. h3 Qd7 37. Re3 g5 38. fxg5 fxg5 39. Nf5 g4 40. hxg4 Qh7 41. Qg1 Qh3+ 42. Kf3 Bb8 43. Re2 Rg8 44. Ne3 Rf8+ 45. Nf5 Qh6 46. Qf2 Nc1 47. Kg2 Qg6 48. Re3 Qxg4 49. Rf3 Nd3 50. Qf1 Rxf5 0-1

[Event "GER-chT Lands U20"]
[Site "Hannover"]
[Date "2023.10.01"]
[Round "1"]
[White "Buchholz, Maja Patricia"]
[Black "Pohle, Saskia"]
[Result "1-0"]
[WhiteElo "1858"]
[BlackElo "1877"]
[PlyCount "61"]
[EventDate "2023.10.01"]
[EventType "team-swiss"]
[EventRounds "7"]
[EventCountry "GER"]
[SourceTitle "EXT 2024"]
[Source "ChessBase"]
[SourceDate "2023.10.10"]
[SourceVersion "1"]
[SourceVersionDate "2023.10.10"]
[SourceQuality "1"]

1. c4 Nf6 2. g3 e6 3. Bg2 d5 4. Nf3 Be7 5. 0-0 0-0 6. b3 c5 7. cxd5 Nxd5 8. Bb2 Nc6 9. d4 cxd4 10. Nxd4 Nxd4 11. Qxd4 Bf6 12. Qd2 b6 13. Rd1 Bb7 14. Na3 Qe7 15. e4 Bxb2 16. Qxb2 Nb4 17. Nc4 Rfd8 18. a3 Nc6 19. e5 f6 20. Nd6 fxe5 21. Nxb7 Qxb7 22. Rxd8+ Rxd8 23. Rc1 Rd6 24. Qc3 Qa6 25. Bxc6 Qxa3 26. Be4 Rd8 27. Qc7 Rf8 28. Rc2 Qxb3 29. Qxe5 a5 30. Rc7 Rf7 31. Bxh7+ 1-0

[Event "EU-ch U18 Girls 31st"]
[Site "Mamaia"]
[Date "2023.09.12"]
[Round "7"]
[White "Buchholz, Maja Patricia"]
[Black "Ivanytska, Liudmyla"]
[Result "0-1"]
[WhiteElo "1858"]
[BlackElo "1965"]
[PlyCount "68"]
[EventDate "2023.09.05"]
[EventType "swiss"]
[EventRounds "9"]
[EventCountry "ROU"]
[SourceTitle "EXT 2024"]
[Source "ChessBase"]
[SourceDate "2023.10.10"]
[SourceVersion "1"]
[SourceVersionDate "2023.10.10"]
[SourceQuality "1"]

1. c4 f5 2. g3 Nf6 3. Nc3 e5 4. Nf3 d6 5. Bh3 g6 6. d4 e4 7. Nh4 Bg7 8. Bg5 c6 9. d5 c5 10. Bg2 Kf7 11. f3 h6 12. Bxf6 Bxf6 13. fxe4 Bxh4 14. gxh4 Qxh4+ 15. Kf1 Kg7 16. Qe1 Qe7 17. Qg3 f4 18. Qf2 Nd7 19. Ke1 Rf8 20. b3 Ne5 21. Bf3 Bh3 22. Rg1 Kh7 23. Kd2 a6 24. a4 g5 25. a5 g4 26. Bg2 Bxg2 27. Rxg2 f3 28. Rg3 fxe2 29. Qxe2 Nf3+ 30. Kd3 Rf4 31. Qg2 Raf8 32. h3 Qf6 33. Rc1 Ne5+ 34. Ke3 Rf2 0-1

[Event "EU-ch U18 Girls 31st"]
[Site "Mamaia"]
[Date "2023.09.07"]
[Round "3"]
[White "Nadzamova, Viktoria"]
[Black "Buchholz, Maja Patricia"]
[Result "1-0"]
[WhiteElo "2114"]
[BlackElo "1858"]
[PlyCount "81"]
[EventDate "2023.09.05"]
[EventType "swiss"]
[EventRounds "9"]
[EventCountry "ROU"]
[SourceTitle "EXT 2024"]
[Source "ChessBase"]
[SourceDate "2023.10.10"]
[SourceVersion "1"]
[SourceVersionDate "2023.10.10"]
[SourceQuality "1"]

1. e4 e6 2. d4 d5 3. e5 c5 4. c3 Nc6 5. Nf3 Qb6 6. a3 c4 7. Nbd2 Na5 8. Rb1 Bd7 9. Be2 Ne7 10. 0-0 h6 11. Re1 0-0-0 12. b3 cxb3 13. c4 Ba4 14. c5 Qc7 15. Bb2 Nec6 16. Rc1 b5 17. cxb6 Qxb6 18. Nb1 Bb5 19. Bxb5 Qxb5 20. Re3 Kd7 21. Nfd2 Rb8 22. Qh5 g6 23. Qf3 Rh7 24. Nc3 Qb7 25. Nxd5 exd5 26. Qxd5+ Ke8 27. Ne4 Be7 28. Nc5 Bxc5 29. Qxc5 Qe7 30. d5 Rc8 31. dxc6 Qxc5 32. Rxc5 Nxc6 33. Rxb3 Rd8 34. g3 Rd1+ 35. Kg2 Nd8 36. Rb8 Ke7 37. a4 Ke6 38. Rcc8 Rh8 39. Rc7 a5 40. g4 Re8 41. Rb6+ 1-0

[Event "GER-ch Blitz (Women)"]
[Site "Viernheim"]
[Date "2023.07.15"]
[Round "20"]
[White "Buchholz, Maja Patricia"]
[Black "Margaryan, Susanna"]
[Result "1/2-1/2"]
[WhiteElo "1858"]
[BlackElo "1464"]
[PlyCount "79"]
[EventDate "2023.07.15"]
[EventType "tourn (blitz)"]
[EventRounds "27"]
[EventCountry "GER"]
[SourceTitle "CBM 215 Extra"]
[Source "ChessBase"]
[SourceDate "2023.09.30"]
[SourceVersion "1"]
[SourceVersionDate "2023.09.30"]
[SourceQuality "1"]

1. c4 c5 2. g3 g6 3. Bg2 Bg7 4. Nc3 Nc6 5. e3 e6 6. Nge2 Nge7 7. 0-0 d5 8. cxd5 exd5 9. Qa4 0-0 10. Nb5 a6 11. Rd1 Bf5 12. Nbc3 d4 13. Ne4 b5 14. Qa3 d3 15. Nf4 c4 16. Rb1 Ra7 17. b3 Ne5 18. Bb2 N7c6 19. bxc4 Nxc4 20. Qc5 Nxb2 21. Qxc6 Nxd1 22. Rxd1 Rc7 23. Qxa6 Qc8 24. Qxb5 Rc1 25. Qb3 Rxd1+ 26. Qxd1 Qc2 27. Qf1 Bxe4 28. Bxe4 Qxd2 29. a4 Qa2 30. Qxd3 Qxa4 31. Kg2 Qa5 32. Nd5 Kh8 33. Ne7 f5 34. Bf3 Qd8 35. Qa3 Re8 36. Nd5 Re5 37. Nf4 Re8 38. Qb4 Qe7 39. Qc4 Qf8 40. Ne6 1/2-1/2

[Event "GER-ch Blitz (Women)"]
[Site "Viernheim"]
[Date "2023.07.15"]
[Round "17"]
[White "Dolzhikova, Kateryna"]
[Black "Buchholz, Maja Patricia"]
[Result "1-0"]
[WhiteElo "2321"]
[BlackElo "1858"]
[PlyCount "123"]
[EventDate "2023.07.15"]
[EventType "tourn (blitz)"]
[EventRounds "27"]
[EventCountry "GER"]
[SourceTitle "CBM 215 Extra"]
[Source "ChessBase"]
[SourceDate "2023.09.30"]
[SourceVersion "1"]
[SourceVersionDate "2023.09.30"]
[SourceQuality "1"]

1. e4 e6 2. d4 d5 3. exd5 exd5 4. Nf3 Bd6 5. c4 dxc4 6. Bxc4 Nf6 7. 0-0 0-0 8. h3 Nbd7 9. Nc3 Nb6 10. Bb3 c6 11. Bg5 h6 12. Bh4 Bf5 13. Ne5 Nbd7 14. Re1 Qc7 15. Rc1 Nxe5 16. dxe5 Bxe5 17. Bxf6 Bxf6 18. Qf3 Bg6 19. Nd5 Qd6 20. Nxf6+ Qxf6 21. Qxf6 gxf6 22. Re7 Rab8 23. Rd1 Bf5 24. g4 Bc8 25. f4 f5 26. g5 hxg5 27. fxg5 Kg7 28. h4 Kg6 29. Rd6+ Kh5 30. Rh6+ Kg4 31. Bd1+ Kf4 32. Rd6 Be6 33. Kf2 Rh8 34. g6 Rxh4 35. gxf7 Bd5 36. Re8 Rh2+ 37. Ke1 Rh1+ 38. Kd2 Rh8 39. Bh5 Bxf7 40. Rxb8 Rxb8 41. Bxf7 Kg3 42. Rg6+ Kf4 43. Be6 Rf8 44. Rg7 Ke5 45. Bc4 b5 46. Bd3 a5 47. Rc7 Rf6 48. Ke3 f4+ 49. Kf3 Kd4 50. Be4 c5 51. Rd7+ Kc4 52. Bd3+ Kb4 53. Rb7 c4 54. Be4 Kc5 55. Rc7+ Kb4 56. Bc2 a4 57. a3+ Ka5 58. Be4 Kb6 59. Rb7+ Kc5 60. Rg7 Rh6 61. Kxf4 Rh2 62. Bg2 1-0

[Event "GER-ch Blitz (Women)"]
[Site "Viernheim"]
[Date "2023.07.15"]
[Round "19"]
[White "Heinemann, Josefine"]
[Black "Buchholz, Maja Patricia"]
[Result "1-0"]
[WhiteElo "2297"]
[BlackElo "1858"]
[PlyCount "69"]
[EventDate "2023.07.15"]
[EventType "tourn (blitz)"]
[EventRounds "27"]
[EventCountry "GER"]
[SourceTitle "CBM 215 Extra"]
[Source "ChessBase"]
[SourceDate "2023.09.30"]
[SourceVersion "1"]
[SourceVersionDate "2023.09.30"]
[SourceQuality "1"]

1. e4 e6 2. d4 d5 3. Nd2 Be7 4. e5 c5 5. c3 Nc6 6. Bd3 a5 7. Ne2 Qb6 8. Nf3 cxd4 9. cxd4 Bb4+ 10. Kf1 Nge7 11. a3 Ng6 12. axb4 Nxb4 13. g3 Nxd3 14. Qxd3 Bd7 15. Nc3 0-0 16. Kg2 Rfc8 17. h4 h6 18. h5 Ne7 19. g4 Qa6 20. Qxa6 Rxa6 21. Be3 b5 22. Rhc1 b4 23. Ne2 Bb5 24. Rxc8+ Nxc8 25. Ng3 Nb6 26. b3 a4 27. bxa4 Nxa4 28. Rb1 Bd3 29. Rxb4 Ra8 30. g5 hxg5 31. Nxg5 g6 32. h6 Nc3 33. Rb7 Rf8 34. h7+ Kg7 35. Nxe6+ 1-0

[Event "GER-ch Blitz (Women)"]
[Site "Viernheim"]
[Date "2023.07.15"]
[Round "25"]
[White "Muetsch, Annmarie"]
[Black "Buchholz, Maja Patricia"]
[Result "1-0"]
[WhiteElo "2230"]
[BlackElo "1858"]
[PlyCount "55"]
[EventDate "2023.07.15"]
[EventType "tourn (blitz)"]
[EventRounds "27"]
[EventCountry "GER"]
[SourceTitle "CBM 215 Extra"]
[Source "ChessBase"]
[SourceDate "2023.09.30"]
[SourceVersion "1"]
[SourceVersionDate "2023.09.30"]
[SourceQuality "1"]

1. e4 e6 2. d3 d5 3. Nd2 Nf6 4. g3 c5 5. Bg2 Nc6 6. Ngf3 b5 7. 0-0 a5 8. a4 b4 9. Re1 Be7 10. e5 Nd7 11. Nf1 Ba6 12. h4 h6 13. N1h2 Qc7 14. Bf4 Rb8 15. h5 b3 16. c3 d4 17. c4 Qb6 18. Nd2 Qb4 19. Bxc6 Bb7 20. Bb5 Rc8 21. Nxb3 Bc6 22. Bd2 Bxb5 23. Bxb4 Bxc4 24. dxc4 axb4 25. a5 0-0 26. Ng4 Bg5 27. f4 Be7 28. Qf3 1-0

[Event "GER-ch Blitz (Women)"]
[Site "Viernheim"]
[Date "2023.07.15"]
[Round "23"]
[White "Ries, Jutta"]
[Black "Buchholz, Maja Patricia"]
[Result "1-0"]
[WhiteElo "2019"]
[BlackElo "1858"]
[PlyCount "113"]
[EventDate "2023.07.15"]
[EventType "tourn (blitz)"]
[EventRounds "27"]
[EventCountry "GER"]
[SourceTitle "CBM 215 Extra"]
[Source "ChessBase"]
[SourceDate "2023.09.30"]
[SourceVersion "1"]
[SourceVersionDate "2023.09.30"]
[SourceQuality "1"]

1. f4 d5 2. Nf3 c5 3. b3 Nf6 4. Bb2 Nc6 5. e3 g6 6. Bb5 Bg7 7. Bxc6+ bxc6 8. 0-0 0-0 9. Qe2 a5 10. d3 Ba6 11. a4 Qb6 12. Ne5 Rfd8 13. Nd2 Qc7 14. Ba3 Nd7 15. Ndf3 e6 16. Rad1 c4 17. dxc4 Nxe5 18. fxe5 Bxe5 19. Nxe5 Qxe5 20. Qf3 f5 21. Be7 Re8 22. Bc5 dxc4 23. Bd4 Qd5 24. bxc4 Qxf3 25. Rxf3 Bxc4 26. Be5 Be2 27. Rd7 Bxf3 28. gxf3 Red8 29. Rg7+ Kf8 30. Rxh7 Rd1+ 31. Kg2 Rd2+ 32. Kg3 Rad8 33. c3 R8d5 34. Bf6 Ra2 35. Rc7 Rc5 36. Be7+ Ke8 37. Bxc5 Rxa4 38. Rxc6 Kd7 39. Rd6+ Kc7 40. Rxe6 Kd7 41. Rxg6 Rc4 42. Bf8 Rxc3 43. Ra6 Rxe3 44. Rxa5 Re8 45. Bh6 Rg8+ 46. Kf4 Rh8 47. Ra6 Ke7 48. h4 Kf7 49. Kxf5 Rc8 50. Ra7+ Kg8 51. Bg5 Rf8+ 52. Kg4 Kh8 53. f4 Kg8 54. Kh5 Kh8 55. Kg6 Kg8 56. Bf6 Rc8 57. Rh7 1-0

[Event "GER-ch Blitz (Women)"]
[Site "Viernheim"]
[Date "2023.07.15"]
[Round "6"]
[White "Stangl, Anita"]
[Black "Buchholz, Maja Patricia"]
[Result "1-0"]
[WhiteElo "2037"]
[BlackElo "1858"]
[PlyCount "59"]
[EventDate "2023.07.15"]
[EventType "tourn (blitz)"]
[EventRounds "27"]
[EventCountry "GER"]
[SourceTitle "CBM 215 Extra"]
[Source "ChessBase"]
[SourceDate "2023.09.30"]
[SourceVersion "1"]
[SourceVersionDate "2023.09.30"]
[SourceQuality "1"]

1. e4 e6 2. Nf3 d5 3. Nc3 Nf6 4. e5 Nfd7 5. d4 c5 6. Bb5 a6 7. Bxd7+ Bxd7 8. 0-0 Be7 9. Be3 b6 10. Ne2 Bb5 11. a4 Bxe2 12. Qxe2 Nc6 13. c3 Qc7 14. Nd2 0-0 15. f4 cxd4 16. cxd4 Nb4 17. Rac1 Qd7 18. b3 Rfc8 19. Nf3 b5 20. a5 Qd8 21. Bd2 Nc6 22. Qe1 b4 23. Ra1 Rab8 24. Ra4 Qc7 25. Qa1 Rb5 26. Rc1 Rxa5 27. Rxa5 Qxa5 28. Qxa5 Nxa5 29. Rxc8+ Bf8 30. Bxb4 1-0

[Event "GER-ch U18 Girls"]
[Site "Willingen"]
[Date "2023.06.01"]
[Round "7"]
[White "Groeschel, Karoline"]
[Black "Buchholz, Maja Patricia"]
[Result "1-0"]
[WhiteElo "1892"]
[BlackElo "1899"]
[PlyCount "83"]
[EventDate "2023.05.27"]
[EventType "swiss"]
[EventRounds "9"]
[EventCountry "GER"]
[SourceTitle "CBM 214 Extra"]
[Source "ChessBase"]
[SourceDate "2023.07.31"]
[SourceVersion "1"]
[SourceVersionDate "2023.07.31"]
[SourceQuality "1"]

1. e4 c6 2. d4 d5 3. e5 Bf5 4. h4 h5 5. Bd3 Bxd3 6. Qxd3 e6 7. Nf3 Ne7 8. Bg5 Qb6 9. Nbd2 Nd7 10. 0-0 Nf5 11. c4 dxc4 12. Nxc4 Qb5 13. a4 Qa6 14. b3 Bb4 15. Bd2 Bxd2 16. Qxd2 0-0 17. Qg5 g6 18. Ne3 Qd3 19. Rad1 Qe4 20. Nxf5 Qxf5 21. Qh6 Rfd8 22. Ng5 Nf8 23. Rfe1 Qc2 24. Ne4 f5 25. exf6 Rd7 26. Rd2 Qxb3 27. Nc5 Qd5 28. Nxd7 Qxd7 29. d5 cxd5 30. Rxd5 Qh7 31. Qxh7+ Kxh7 32. Rc5 b6 33. Rc7+ Kh6 34. Re7 Rd8 35. Rxa7 g5 36. hxg5+ Kxg5 37. f7 Kf6 38. Re3 Rb8 39. Rf3+ Kg6 40. Rg3+ Kf6 41. Rg8 Rc8 42. Kh2 1-0

[Event "Mitropa Cup (Women)"]
[Site "Mali Losinj"]
[Date "2023.04.16"]
[Round "6.4"]
[White "Radikovic, Anamarija"]
[Black "Buchholz, Maja Patricia"]
[Result "1-0"]
[WhiteElo "2080"]
[BlackElo "1817"]
[PlyCount "45"]
[EventDate "2023.04.11"]
[EventType "team-tourn"]
[EventRounds "9"]
[EventCountry "CRO"]
[SourceTitle "CBM 213 Extra"]
[Source "ChessBase"]
[SourceDate "2023.05.31"]
[SourceVersion "1"]
[SourceVersionDate "2023.05.31"]
[SourceQuality "1"]
[WhiteTeam "Croatia (W)"]
[BlackTeam "Germany (W)"]
[WhiteTeamCountry "CRO"]
[BlackTeamCountry "GER"]

1. e4 e6 2. Nc3 d5 3. Nf3 Nf6 4. Qe2 d4 5. e5 dxc3 6. exf6 cxd2+ 7. Bxd2 Qxf6 8. 0-0-0 Bd6 9. Bc3 Qg6 10. Kb1 Nc6 11. Rd5 Be7 12. Rd1 0-0 13. Qc4 Bf6 14. Bd3 Qh6 15. Bd2 Qh5 16. Be4 a6 17. a4 Ne5 18. Qc5 Qg4 19. Bxh7+ Kxh7 20. Nxe5 Bxe5 21. Qxf8 Qf5 22. Bb4 Bf4 23. g4 1-0

[Event "GER-chT U16 Girls"]
[Site "Neumuenster"]
[Date "2022.12.27"]
[Round "1"]
[White "Stepanjan, Marianne"]
[Black "Buchholz, Maja Patricia"]
[Result "0-1"]
[WhiteElo "1554"]
[BlackElo "1786"]
[PlyCount "56"]
[EventDate "2022.12.26"]
[EventType "team-swiss"]
[EventRounds "7"]
[EventCountry "GER"]
[SourceTitle "CBM 212 Extra"]
[Source "ChessBase"]
[SourceDate "2023.03.31"]
[SourceVersion "1"]
[SourceVersionDate "2023.03.31"]
[SourceQuality "1"]
[WhiteTeam "Norderstedt"]
[BlackTeam "Offenbach"]
[WhiteTeamCountry "GER"]
[BlackTeamCountry "GER"]

1. e4 e6 2. d4 d5 3. Nd2 Nf6 4. e5 Nfd7 5. Bd3 c5 6. c3 Nc6 7. Ne2 cxd4 8. cxd4 f6 9. exf6 Nxf6 10. 0-0 Bd6 11. Nf3 Qc7 12. Bg5 0-0 13. Rc1 Bd7 14. a3 Be8 15. Re1 Bh5 16. Ng3 Bxf3 17. gxf3 Qf7 18. Be2 Rae8 19. f4 h6 20. Bxf6 Qxf6 21. Bh5 Re7 22. f5 Nxd4 23. Bg4 exf5 24. Nxf5 Rxe1+ 25. Qxe1 Nxf5 26. Qd2 d4 27. Bxf5 Qxf5 28. Qxd4 Qg5+ 0-1